|
|
|
|
| LEADER |
01461nam a2200385Ia 4500 |
| 001 |
EBC179977 |
| 003 |
MiAaPQ |
| 005 |
20200520144314.0 |
| 006 |
m o d | |
| 007 |
cr cn||||||||| |
| 008 |
921026s1993 enkb sb 001 0 eng d |
| 010 |
|
|
|z 92040809
|
| 020 |
|
|
|z 0203191838
|
| 020 |
|
|
|z 0415020433
|
| 035 |
|
|
|a (MiAaPQ)EBC179977
|
| 035 |
|
|
|a (Au-PeEL)EBL179977
|
| 035 |
|
|
|a (CaPaEBR)ebr10060688
|
| 035 |
|
|
|a (CaONFJC)MIL32654
|
| 035 |
|
|
|a (OCoLC)252789585
|
| 040 |
|
|
|a MiAaPQ
|c MiAaPQ
|d MiAaPQ
|
| 050 |
|
4 |
|a HC259
|b .H38 1993
|
| 082 |
0 |
4 |
|a 338.9/009171/241
|2 20
|
| 100 |
1 |
|
|a Havinden, Michael Ashley.
|
| 245 |
1 |
0 |
|a Colonialism and development
|h [electronic resource] :
|b Britain and its tropical colonies, 1850-1960 /
|c Michael Havinden and David Meredith.
|
| 260 |
|
|
|a London ;
|a New York :
|b Routledge,
|c 1993.
|
| 300 |
|
|
|a 420 p. :
|b map.
|
| 504 |
|
|
|a Includes bibliographical references (p. 383-405) and index.
|
| 533 |
|
|
|a Electronic reproduction. Ann Arbor, MI : ProQuest, 2015. Available via World Wide Web. Access may be limited to ProQuest affiliated libraries.
|
| 650 |
|
0 |
|a Economic development.
|
| 651 |
|
0 |
|a Great Britain
|x Colonies
|x Economic conditions.
|
| 651 |
|
0 |
|a Great Britain
|x Colonies
|x Economic policy.
|
| 655 |
|
4 |
|a Electronic books.
|
| 700 |
1 |
|
|a Meredith, David,
|d 1949-
|
| 710 |
2 |
|
|a ProQuest (Firm)
|
| 856 |
4 |
0 |
|u https://ebookcentral.proquest.com/lib/matrademy/detail.action?docID=179977
|z Click to View
|